Library Banner

Introduction to topology (Record no. 47778)

MARC details
000 -LEADER
fixed length control field 00497nam a2200193Ia 4500
001 - CONTROL NUMBER
control field 50116
008 - FIXED-LENGTH DATA ELEMENTS--GENERAL INFORMATION
fixed length control field 140502s9999 xx 000 0 und d
020 ## - INTERNATIONAL STANDARD BOOK NUMBER
International Standard Book Number 9788131726921
040 ## - CATALOGING SOURCE
Transcribing agency PK-LaUMT
082 ## - DEWEY DECIMAL CLASSIFICATION NUMBER
Classification number 514
Item number ADA-I
100 ## - MAIN ENTRY--PERSONAL NAME
Personal name Adams, Colin
245 ## - TITLE STATEMENT
Title Introduction to topology
Remainder of title pure and applied
Statement of responsibility, etc Adams, Colin<>Franzosa, Robert
260 ## - PUBLICATION, DISTRIBUTION, ETC. (IMPRINT)
Place of publication, distribution, etc New Delhi,India:
Name of publisher, distributor, etc Pearson,
Date of publication, distribution, etc 2009
300 ## - PHYSICAL DESCRIPTION
Extent 507 p.
546 ## - LANGUAGE NOTE
Language note EN
650 ## - SUBJECT ADDED ENTRY--TOPICAL TERM
Topical term or geographic name as entry element Topology
700 ## - ADDED ENTRY--PERSONAL NAME
Personal name Franzosa, Robert
942 ## - ADDED ENTRY ELEMENTS (KOHA)
Koha item type Books
Holdings
Withdrawn status Lost status Damaged status Not for loan Home library Current library Date acquired Total Checkouts Full call number Barcode Date last seen Date checked out Price effective from Koha item type
        UMT Main Campus UMT Main Campus 2014-05-02 9 514 ADA-I 60348 2023-07-21 2023-03-07 2014-05-08 Books